|
|
|
|
| LEADER |
00000nab a2200000 a 4500 |
| 001 |
vtls000578944 |
| 003 |
SK-MaSNL |
| 005 |
20260426072009.0 |
| 008 |
160202c1996 xo 0 slo |
| 015 |
|
|
|a SNBRB19rr/mm-uuuuu
|
| 035 |
|
|
|a CL0579082
|
| 040 |
|
|
|a SNKBUCL
|b slo
|c SNKBUCL
|e AACR2
|
| 041 |
0 |
|
|a slo
|
| 044 |
|
|
|a xo
|c SK
|
| 080 |
|
|
|a 327(437.6:436)
|2 1981
|
| 080 |
|
|
|a 327(436:437.6)
|2 1981
|
| 245 |
0 |
0 |
|a V Hofburgu s Thomasom Klestilom štyridsať minút medzi štyrmi očami
|b Prednáška slovenského premiéra Vladimíra Mečiara vo Viedni
|
| 650 |
0 |
7 |
|a zahraničná politika
|2 snkbucl
|9 971
|
| 651 |
|
7 |
|a Slovensko
|2 snkbucl
|9 14231
|
| 651 |
|
7 |
|a Rakúsko
|2 snkbucl
|9 18533
|
| 655 |
|
7 |
|a články z novín a časopisov
|2 snkbucl
|9 267496
|
| 700 |
1 |
|
|a Mečiar, Vladimír,
|d 1942-
|4 aut
|9 10144
|
| 773 |
0 |
|
|t Slovenská republika
|g Roč. 3, č. 68 (21. 3. 1996), s. 1 a 7
|
| 850 |
|
|
|a Slovenská národná knižnica v Martine
|a MTA001
|
| 852 |
|
|
|a SNK
|b KIS3GCP
|
| 958 |
|
|
|a RK
|
| 958 |
|
|
|a SK
|
| 992 |
|
|
|a RBX
|
| 999 |
|
|
|c 2684124
|d 2686054
|